| 000 | 00933nas a2200313 4500 | ||
|---|---|---|---|
| 001 | BR2015006493 | ||
| 003 | BR-BrBNA | ||
| 005 | 20231205125915.0 | ||
| 007 | ta | ||
| 008 | 230509b bl.|||p| |||| 00| 00por d | ||
| 040 |
_aBR-BrBNA _bpor _cBiblioteca Nacional de Agricultura |
||
| 041 | _a(Pt) | ||
| 072 | _aH20 | ||
| 100 | 1 | _aNicoloi, A. | |
| 100 | 1 | _aCosta, R.V. da | |
| 100 | 1 | _aCota, L.V. | |
| 100 | 1 | _aSilva, D.D. da | |
| 100 | 1 | _aZambolimm, L. | |
| 100 | 1 | _aLanza, F.E. | |
| 100 | 1 | _aGuimarães, D.P. | |
| 100 | 1 | _aLandau, E.C. | |
| 245 | 1 | _aValidação de escala diagramática para quantificação da severidade da antracnose do colmo do milho | |
| 650 | _aMILHO | ||
| 650 | _aDOENÇA FÚNGICA | ||
| 650 | _aPODRIDÃO DO COLMO | ||
| 773 | 0 |
_tCiência Rural (Brazil) _xISSN 0103-8478 _g(Oct 2015), v. 45(10) p. 1720-1726 _wBR2015006493 |
|
| 909 |
_a202311 _bLúcia _c55 _dLúcia Elande |
||
| 942 |
_2AGRIS _n0 _cANA |
||
| 999 |
_c246817 _d246817 |
||